| 000 | 00425nam a2200133Ia 4500 | ||
|---|---|---|---|
| 008 | 250506s9999 xx 000 0 und d | ||
| 024 | _a11B-13-BS, 11B-29-BS & 11B-37-BS | ||
| 082 | _a004.072 BS | ||
| 100 | _aAhsan Ahmed Chisti, M. Owais Afsar & Amar Ali | ||
| 245 | 0 | _aSmart IT service Help Desk (code book) | |
| 260 |
_aKarachi: _bUIT, _c2011 |
||
| 600 | _aComputer Science | ||
| 650 | _aBachelor of Computer Science (BS) | ||
| 999 |
_c27583 _d27583 |
||